Państwa najbliżej Kazachstanu A-Z - Statystyki

Ogólne statystyki
  • Ten quiz został rozwiązany 77 razy
    23 od ostatniego zresetowania
  • Średni wynik to 20 z 24
Statystyki odpowiedzi
Litera Państwo % Poprawnych
A Azerbejdżan
100%
M Mongolia
100%
O Oman
100%
U Uzbekistan
100%
C Chiny
94%
G Gruzja
94%
I Iran
94%
K Kirgistan
94%
Ł Łotwa
94%
P Pakistan
94%
R Rosja
94%
D Dania
89%
N Nepal
89%
T Turkmenistan
89%
E Estonia
83%
J Jordania
83%
L Litwa
83%
V Vanuatu
83%
Z Zjednoczone Emiraty Arabskie
78%
F Finlandia
72%
H Holandia
67%
B Białoruś
56%
W Węgry
50%
S Słowacja
44%
Nie znaleziono quizów pasujących do podanych kryteriów
Rozkład punktacji
Procent ludzi z każdym wynikiem
Percentyl według liczby udzielonych odpowiedzi
Twoja historia wyników
Nie rozwiązałeś tego quizu od ostatniego zresetowania